Fungi Schemnitzenses. Ein Beitrag zur ungarischen Pilzflora (Vergelegt in der Versammlung am 3. October 1888.) (Aus den Verhandlungen der k. k. zoologisch-botanischen Gesellschaft in Wien [Jahrgang 1888] besonders abgedruckt.)

Podrobná bibliografia
Hlavný autor: Bäumler, Johann Andreas, 1847-1924 (Autor)
Médium: Kniha
Jazyk:nemčina
latinčina
Fyzický popis:12 s. 23 cm
Vydavateľské údaje: Wien [b.n.] 1888
Predmet:

MARC

LEADER 00000nam a2200000 a 4500
001 vtls011586962
003 SK-MaSNL
005 20260302085215.0
008 251112 1888 au 000 0 ger
015 |a SNBHFA1888 
020 |q (brož.) 
035 |a 6B762139-C351-4354-BA3C-60DA6FF354DC 
035 |a urn:nbn:sk:snk-amlt6j 
035 |a urn:nbn:sk:snk-am00casj 
035 |a urn:nbn:sk:snk-am00cs2u 
035 |a 5F7F2C39-D8A3-4E73-AD5D-D124F20536E0 
040 |a SNKHFA  |b slo  |c SNK  |e AACR2 
041 0 |a ger  |a lat 
044 |a au  |c AT 
072 7 |a 58  |x Botanika  |2 konspekt 
080 |a 58  |2 2011 
080 |a 582.28  |2 2011 
100 1 |a Bäumler, Johann Andreas,  |d 1847-1924  |4 aut  |9 492410 
245 1 0 |a Fungi Schemnitzenses. Ein Beitrag zur ungarischen Pilzflora  |b (Vergelegt in der Versammlung am 3. October 1888.) (Aus den Verhandlungen der k. k. zoologisch-botanischen Gesellschaft in Wien [Jahrgang 1888] besonders abgedruckt.)  |c von J. A. Bäumler 
260 |a Wien  |b [b.n.]  |c 1888 
300 |a 12 s.  |c 23 cm 
500 |a Rok vydania a miesto vydania podľa údaju v záhlaví titulu k informácii o vytlačení diela 
500 |a V Knižnici SNM : [10 s.] s. 707-718 bez väzby 
501 |a Príväzok 1.: BÄUMLER, Johann Andreas. Fungi Schemnitzenses. Wien: [b.n], 1890.  |5 SNK SC 13712 D2 
504 |a Vysvetlivky pod textom 
525 |a Aus den Verhandlungen der k. k. zoologisch-botanischen Gesellschaft in Wien (Jahrgang 1888) besonders abgedruckt. 
561 |a Z knižnice Andreja Kmeťa.  |5 SNK SC13712 D1 
561 |a Museálna slovenská spoločnosť.  |5 SNK SC 13712 D2 
563 |a Poškodená brožovaná väzba.  |5 SNK SC 13712 D1 
563 |a Nová plátená väzba.  |5 SNK SC 13712 D2 
650 0 7 |a botanika  |2 SNKPH  |9 688 
650 0 7 |a flóra  |2 SNKPH  |9 85117 
650 0 7 |a mykológia  |2 SNKPH  |9 20345 
650 0 7 |a huby  |2 SNKPH  |9 3562 
700 1 |a Kmeť, Andrej,  |d 1841-1908  |4 fmo  |9 191981 
752 |a Rakúsko  |d Viedeň 
770 0 |a Zoologisch-botanischen Gesellschaft 
852 |a snk  |b Historické fondy  |p SC 13712 D1, D2 
958 |a ONDV 
999 |c 1191126  |d 1193056 
952 |t Kme 117  |a SNK  |b SNK  |c SNK_HF  |y PREZ  |7 0  |p 17A1130209  |o snkSC 13712 D2  |i snkF 1837/66  |8 5  |0 0  |1 0  |4 0  |d 2017-04-03  |f 1  |l 0  |r 2026-02-24 22:11:24  |w 2026-02-24 
952 |t Kme X/585  |a SNK  |b SNK  |c SNK_HF  |y PREZ  |7 0  |p 17A1129185  |o snkSC 13712 D1  |i snk2016/24410  |8 5  |0 0  |1 0  |4 0  |d 2016-10-18  |f 1  |l 0  |r 2026-02-24 22:11:24  |w 2026-02-24